1419 1966 1084 1501 1627 1956 1342 1834 1171 1004 1999 1895 1050 1935 1275 1677 1168 1080 1868 1940 1451 1814 1352 1827 1783 1533 1636 1659 1523 1736 1274 1493 1054 1697 1153 1417 1532 1398 1878 1408 1055 1442 1369 1377 1694 1691 1525 1411 1756 1501 1744 1514 1148 1159 1136 1686 1510 1884 1228 1772 1373 1891 1645 1477 1410 1311 1897 1429 1737 1070 1157 1065 1885 1546 1209 1033 1780 1481 1225 1826 1937 1789 1962 1878 1807 1572 1706 1631 1585 1702 1494 1377 1660 1698 1816 1521 1660 1585 1528 BCNSPRNW ULIB Ver.6.0+V

เปลี่ยนเป็นภาษาไทย

Change to English
 แสดงรายละเอียดบรรณานุกรม
  กลับหน้าหลัก

Brief Record : Get Marc (ISO 2709) : E-mail record : QR code < ปิดหน้าต่าง
LEADER : 00000nam 2200000uu 4500
001    13399110352
003     ULIB
008    110429s2544||||th 000 0 tha d
020    9745855227
060 04 WM420^bส265จ 2544
100 0  สมพร บุษราทิจ
245 10 จิตบำบัดแบบอิงทฤษฎีจิตวิเคราะห์ /^cสมพร บุษราทิจ, ศุภโชคสิงหกันต์, สนทรรศ บุษราทิจ
250    พิมพ์ครั้งที่ 2
260    กรุงเทพฯ :^bโรงพิมพ์เรือนแก้วการพิมพ์,^c2544
300    167 หน้า ;^c19 ซม.
504    บรรณานุกรมและดรรชนี
650  7 จิตบำบัด
653    ผลงานอาจารย์คณะแพทยศาสตร์ศิริราชพยาบาล
700 0  ศุภโชค สิงหกันต์
700 0  สนทรรศ บุษราทิจ
945    ^p100^l0^i018811
995    ทศพร
999 ^a ใช้งานได้ทุกระบบ
รายการนี้ยังไม่มีแท็ก
คุณยังไม่ได้ล็อกอิน คุณสามารถมีกิจกรรมร่วมกับเว็บไซต์ได้ แต่ต้องล็อกอินก่อน ::
  ล็อกอิน

รายการสื่อสารสนเทศ

ลำดับที่ ประเภท เลขเรียก/บาร์โค้ด สถานที่ สถานะ
- ไม่พบข้อมูล -

รายการใกล้เคียง
    หัวเรื่อง [จิตบำบัด]

BibComment


ยังไม่เคยถูกคอมเมนท์

คอมเมนท์ทรัพยากรรายการนี้
  คอมเมนท์: จิตบำบัดแบบอิงทฤษ..


 Copyright 2026. Bcnsprnw @Library